[Event "FIDE-Wch k.o."]
[Site "Groningen"]
[Date "1997.12.14"]
[Round "3.1"]
[White "Bareev, Evgeny"]
[Black "Krasenkow, Michal"]
[Result "0-1"]
[WhiteElo "2670"]
[BlackElo "2645"]
[Annotator "Krasenkow,M"]
[PlyCount "62"]
[EventDate "1997.12.09"]
[EventType "k.o."]
[EventRounds "7"]
[EventCountry "NED"]
[SourceTitle "CBM 063"]
[Source "ChessBase"]
[SourceDate "1998.03.26"]
[SourceVersion "1"]
[SourceVersionDate "1998.03.26"]
[SourceQuality "1"]

1. d4 {Tyomkin,D} d5 2. c4 e6 3. Nf3 c6 4. e3 f5 {After e2-e3 the stonewall is
quite justified as White has no Bc1-f4.} 5. Bd3 Nf6 6. O-O Bd6 7. b3 Qe7 8. Bb2
O-O 9. Ne5 (9. Qc1 {Tyomkin,D Tyomkin,D} Bd7 (9... b6 10. Ba3 (10. Ne5 Bb7 11.
cxd5 (11. f4 $5) 11... Bxe5 (11... cxd5 12. Ba3) 12. dxe5 Nxd5 13. Nc3 Nxc3 14.
Qxc3 c5 15. f3 Nc6 16. a3 Rad8 17. Rad1 Rd7 18. Be2 {1/2-1/2 Danielsen,
H-Hansen,L/DEN-ch 1993}) 10... Bb7 (10... Na6 11. Bxd6 Qxd6 12. Qa3 Nb4 13. Nc3
Rd8 14. Be2 Bb7 15. Rac1 Qe7 16. Rfd1 a5 17. Ne5 Nd7 18. Nxd7 Qxd7 19. Na4 Qc7
20. Qb2 $14 {Danner,G-Stangl,M/Dortmund op-A 1993/1-0 (57)}) 11. cxd5 (11. Bxd6
Qxd6 12. cxd5 cxd5 13. Qa3 Qxa3 14. Nxa3 a6 15. Rfc1 Nc6 {1/2-1/2 Utemov,
V-Kramnik,V/Moscow4 1991}) 11... Nxd5 (11... cxd5) 12. Bxd6 Qxd6 13. Qa3 c5 14.
dxc5 bxc5 15. Be2 Nd7 16. Nbd2 Nc3 17. Bc4 Nb6 18. Qb2 Ne4 19. Nxe4 Bxe4 20.
Be2 $16 {[%csl Rc5,Re5] Kharitonov,A-Savon,V/Ch Chess Club Russia (cat.9),
Moscow,1995/1-0 (76)}) (9... g5 $6 $146 10. Ba3 (10. Nxg5 $6 {Tyomkin,D} Bxh2+
11. Kxh2 Ng4+ 12. Kg1 Qxg5 13. Be2 Qh4 14. Bxg4 fxg4 $132 {[%cal Gf8f6,Gf6h6]})
10... g4 11. Bxd6 Qxd6 12. Ne5 Nbd7 13. Qb2 $14 Qc7 {[%cal Gd7e5]} 14. Nxd7 (
14. f4 {Tyomkin,D} gxf3 15. Nxf3 Ne4 $14) 14... Bxd7 15. Nc3 e5 $142 $1 {
Tyomkin,D} (15... Ne4 $2 16. Ne2 $1 $16 {[%cal Ge2f4] Kharitonov,A-Kobalija,M/
RUS-ch m1-2 1997/1/2-1/2(29)}) 16. cxd5 (16. dxe5 Qxe5 17. Qd2 Be6) 16... exd4
17. exd4 cxd5 18. Ne2 $14) 10. Ba3 Bxa3 (10... Be8 11. Bxd6 Qxd6 12. Qa3 Qd8
13. Nbd2 Ne4 14. Bxe4 fxe4 15. Ne5 Nd7 16. Nxd7 Qxd7 17. f3 exf3 18. Nxf3 Bg6
19. Ne5 $14 {Kharitonov,A-Neverov,V/Kstovo op 1994/1/2-1/2 (78)}) 11. Qxa3 Qxa3
12. Nxa3 Ne4 13. Ne5 Be8 14. f3 Nd6 15. Nc2 Nd7 16. c5 $14 {/= () Ryskin,
A-Guliev,S/Azov 1995/1/2-1/2 (24)}) 9... b6 (9... Bd7 $6 {Tyomkin,D Tyomkin,D}
10. Nd2 (10. Qc1 Rc8 11. Nd2 Ne4 12. f3 Nxd2 13. Qxd2 Be8 14. e4 Bxe5 15. dxe5
fxe4 16. fxe4 d4 17. Bxd4 c5 18. Be3 Nc6 19. Qf2 Nxe5 {Kharitonov-Tregupov,
Alushta 1994} 20. Be2 $14) 10... Be8 (10... Ne4 $5) 11. f3 Nbd7 (11... Bh5 12.
Qc2 Nbd7 13. c5 Bc7 14. b4 Nxe5 15. dxe5 Nd7 16. f4 g5 17. Nb3 Rf7 18. Nd4 $16
{Izeta,F-Spitzer,R/Sevilla op 1990/1-0(39)}) 12. c5 Bxe5 13. dxe5 Nh5 14. g4 $1
Qg5 15. f4 $1 Qxg4+ 16. Qxg4 fxg4 17. Be2 g5 18. Bxg4 Ng7 19. fxg5 $16 {
Izeta,F-Neverov,V/Candas op 1992/1/2-1/2 (60)}) (9... Nbd7 $5 $146 {Tyomkin,D}
10. f3 c5 11. Nd2 b6 12. Qe2 Bb7 $13 {Bogdanovski,V-Guliev,S/EU-chTM 1997/1/
2-1/2(25)}) 10. cxd5 $146 cxd5 (10... exd5 $5 {Tyomkin,D} 11. Nd2 (11. Qc2 $6
Bxe5 $1 12. dxe5 Ng4 13. Qc3 Re8 14. f4 Nxe3 15. Re1 c5 $1 $17 {[%cal Gd5d4]})
11... g6 12. Rc1 Bb7 $11 {[%cal Gc6c5]}) 11. f3 Bb7 12. Nc3 a6 13. Rc1 Nc6 $10
14. Nxc6 (14. Na4 Bxe5 15. dxe5 Nd7 16. f4 b5 17. Nc3 Nc5 $10) 14... Bxc6 15.
Na4 $5 (15. Rf2 {[%cal Gf2c2] Tyomkin,D} b5 16. Rfc2 Rfc8 (16... Bb7 $11) 17.
Nxd5 exd5 18. Rxc6 Rxc6 19. Rxc6 Qxe3+ 20. Kh1 Re8 21. Bf1 Bxh2 22. Kxh2 Qh6+
23. Kg1 Qe3+ $11) 15... Qb7 (15... Bxa4 16. bxa4 {[%csl Ra6,Rb6][%cal Yd1b3,
Rb3b6] /\17.Qb3} (16. bxa4 {Tyomkin,D} Qd7 17. Qb3 $14)) 16. Qe2 Bxa4 (16...
Rfc8 $10) 17. bxa4 b5 (17... Qd7 18. Qc2) 18. Bc3 $6 {White is playing for a
win trying to make use of his pair of bishops.} (18. axb5 axb5 19. a3 (19. Bb1
$15 {Tyomkin,D}) 19... Rfb8 20. Rb1 $10) 18... bxa4 19. Ba5 {[%csl Ra6]} a3 $1
{[%csl Gb2]} 20. Rb1 Qd7 21. Rb3 Rfb8 22. Rfb1 Rxb3 23. Rxb3 Rc8 {[%cal Yc8c1]
Black must play actively preparing a counterattack.} 24. g3 {[%csl Rf3] [#]} (
24. Rb1 Rc6 $1 $15 {/\25...Qc8}) 24... g5 $1 $15 {[%csl Ye4,Yg4][%cal Yg5g4] A
very important move. Black needs to activate his knight. After the exchange of
the white f3 pawn the knight obtains the e4 and g4 squares and takes a
significant part in the black counterattack.} (24... Qa4 {Tyomkin,D} 25. Bd2
$11 (25. Qd2 Rc6 26. Bb4 Ne8 (26... Bxb4 27. Rxb4 Rc1+ 28. Qxc1 Qxb4 29. Bxa6
Qb2 30. Qc6 $132 {[%cal Ga6c8]}) 27. Bxd6 Nxd6 (27... Rxd6 28. Rb8 Kf8 29. Qc2
Qxc2 30. Bxc2 Ke7 31. Kf2 $14) 28. Rb4 Rc1+ $1 29. Qxc1 Qxb4 30. Bxa6 Nc4 $17))
25. Bxa6 (25. Rc3 Rb8 $1) 25... Rc1+ 26. Kg2 g4 27. fxg4 Nxg4 {[%csl Ra2,Rg2]
Black's plan consists in combining the attack of the white king with the
attack of the a2 pawn. If it falls, the black a3 pawn will become so strong
that even material gains will not necessary help White. To avoid the disaster,
White should defend very carefully.} 28. Qd2 {Tyomkin: Black has initiative,
but it seems that white still may keep the balance.} (28. Bd3 $2 Qg7 $1 {/\Qh6}
29. Bd2 Nxh2 $1 $19) (28. e4 $2 dxe4 29. Qd2 Ra1 30. Rb7 (30. Qg5+ Qg7 31. Qd8+
Bf8 32. Rxa3 Qh6 $19) 30... Qe8 31. Qg5+ Qg6 $19) (28. h3 {[%csl Rg3]} Nf6 29.
Qd2 Ra1 $1 {[%csl Ra2,Ga3]} (29... Qc6 30. Bd3 (30. Rb6 Qc2) 30... Ne4 31. Bxe4
dxe4 32. Bc3 Qc4 33. Qxc1 Qe2+ 34. Kg1 Bxg3 35. Be1 $1 Bh2+ 36. Kh1 Bc7 37. Bf2
$1 $18) (29... Rc4 $5 30. Rb7 Qa4 31. Bb5 Bb4 $1) 30. Qc2 (30. Rb7 Qe8 31. Bc7
Qc6 $1 32. Rb8+ Kf7 33. Bxd6 Qxa6 $19) (30. Bc3 Ne4 31. Qc2 Nxc3 32. Rxc3 Qg7
$19) 30... Qg7 $1 31. Qc8+ Bf8 32. Qxe6+ Qf7 33. Qxf5 (33. Qxf7+ Kxf7 $17)
33... Rxa2+ 34. Kf1 Ne4 35. Qxf7+ Kxf7 $17 {[%csl Ga3] o^a3}) 28... Qc6 $1 29.
Rb6 $4 (29. Bd3 $1 {was the right defence.} Rd1 $1 30. Qe2 Qc1 (30... Rc1 31.
Qd2) 31. Rb1 Rg1+ $1 (31... Qxb1 {Tyomkin,D} 32. Bxb1 Rxb1 33. Bc3 (33. Qa6 $11
) 33... Rc1 34. Qa6 $11 (34. Bd2 $2 Rc2 $17 {[%cal Gd6b4]})) (31... Nxe3+ 32.
Kh3 $18) 32. Kf3 $1 (32. Kh3 Qxb1 33. Bxb1 Rxb1 {[%cal Rb1b2,Rb1h1]} 34. Bc3
Rh1 $19) 32... Qxb1 (32... e5 33. Bxf5 e4+ 34. Kxg4 Qxb1 35. Be6+ $13) 33. Bxb1
Rxb1 {[%cal Rb1b2]} 34. Bc3 Rf1+ (34... Rh1 $2 35. Qa6 {[%cal Ra6e6]} Rxh2 36.
Be1) 35. Kg2 Rf2+ (35... Rc1 36. Qa6) 36. Qxf2 Nxf2 37. Kxf2 $10) 29... Qc2 $19
30. Rxd6 (30. Qxc2 Rxc2+ 31. Kg1 Bc7 (31... Bc7 {Tyomkin,D} 32. Rb5 Bxa5 33.
Rxa5 Rxa2 $19)) (30. Bd3 Qxd2+ 31. Bxd2 Rd1) 30... Qe4+ 31. Kh3 Rc2 0-1

[Event "FIDE-Wch k.o."]
[Site "Groningen"]
[Date "1997.12.19"]
[Round "4.6"]
[White "Krasenkow, Michal"]
[Black "Azmaiparashvili, Zurab"]
[Result "1-0"]
[WhiteElo "2645"]
[BlackElo "2645"]
[Annotator "Hecht,H"]
[PlyCount "123"]
[EventDate "1997.12.09"]
[EventType "k.o."]
[EventRounds "7"]
[EventCountry "NED"]
[SourceTitle "CBM 063"]
[Source "ChessBase"]
[SourceDate "1998.03.26"]
[SourceVersion "1"]
[SourceVersionDate "1998.03.26"]
[SourceQuality "1"]

1. d4 d5 2. c4 e6 3. Nf3 Nf6 4. g3 Be7 5. Bg2 c6 6. Qc2 O-O 7. O-O b6 8. Nbd2
Bb7 9. e4 dxe4 10. Nxe4 Nbd7 11. Rd1 Qc8 12. Nxf6+ Nxf6 13. c5 Nd5 14. Bg5 f6
15. Bd2 bxc5 16. dxc5 e5 17. b4 a5 18. bxa5 Bd8 19. Nh4 f5 20. Nf3 Bf6 21. Rab1
e4 22. Ng5 Ba6 23. Rb6 h6 24. Nh3 Be2 25. Re1 Bd3 26. Qb3 Rf7 27. Nf4 Nxb6 28.
axb6 Bb5 29. Bf1 Bxf1 30. Rxf1 Qd7 31. Rd1 Rd8 32. a4 g5 33. Ne6 Qd3 34. Qxd3
Rxd3 35. a5 Ra3 36. Rb1 Rd7 37. Nc7 Be5 38. Bb4 Ra2 39. Ne8 Bd4 40. Be1 Kf8 41.
Nd6 e3 42. fxe3 Bxe3+ 43. Kf1 Bxc5 44. b7 Bxd6 45. Bb4 Rxb7 46. Bxd6+ Re7 47.
Re1 Rxa5 48. Rxe7 {[#] Technisches Problem bei geringem Bauernmaterial mit dem
Läufer gegen zwei Bauern zugewinnen. Schwarz begeht im 55.Zug einen klaren
startegischen Fehler. Was immer passiert, er muß seinen h-Bauern hinten lassen,
um möglichst wenige schwarzfeldrige Angriffsflächen zu bieten.
Endspielmedaille für einen strategischen Patzer.} Rd5 49. Ba3 Kg8 50. Re2 Kf7
51. Rc2 Rd3 52. Bb2 Rd6 53. Ke2 Kg6 54. Rc5 Re6+ 55. Be5 h5 $2 (55... Kf7 {
und warten...}) 56. Kf3 Kf7 57. h4 Kg6 58. Bd4 Re4 (58... g4+ 59. Kf2 Rd6 60.
Ke3 Re6+ 61. Be5 Kf7 62. Kd4 Kg6 63. Ra5 Kf7 64. Bf4 Kg6 65. Kc5 $18) 59. Rxc6+
Kh7 60. Rc7+ Kh6 61. Be3 Kg6 62. Bxg5 1-0

[Event "FIDE-Wch k.o."]
[Site "Groningen"]
[Date "1997.12.19"]
[Round "4.7"]
[White "Krasenkow, Michal"]
[Black "Azmaiparashvili, Zurab"]
[Result "1-0"]
[WhiteElo "2645"]
[BlackElo "2645"]
[Annotator "Ribli,Z"]
[PlyCount "97"]
[EventDate "1997.12.09"]
[EventType "k.o."]
[EventRounds "7"]
[EventCountry "NED"]
[SourceTitle "CBM 063"]
[Source "ChessBase"]
[SourceDate "1998.03.26"]
[SourceVersion "1"]
[SourceVersionDate "1998.03.26"]
[SourceQuality "1"]

1. Nf3 Nf6 2. c4 g6 3. Nc3 {Das ist der Anti-Grünfeld-Aufbau. Wenn Schwarz
jetzt 3...Bg7 spielt, kann er nach 4.e4 mit 4...c5 die Maroczy-Variante der
Sizilianischen Verteidigung, oder nach 4...d6 5.e4 0-0 die Königsindische
Verteidigung spielen. Ribli.} d5 4. cxd5 Nxd5 5. Qa4+ {Durch das Damenschach
soll die Entwicklung des schwarzen Damenflügels gestört werden.} (5. Qb3) (5.
d4 {Das führt zu Grünfeld-Indisch-Hauptvarianten.}) 5... Nc6 6. Ne5 Nb6 $2 {
[#] Ein unglaublicher Fehler! Zwar wurde diese Partie als neunte in diesem
Miniwettkampf im Blitztempo gespielt, aber ich verstehe nicht, wie es möglich
ist, daß dem Sekundanten des Weltmeisters diese Variante nicht bekannt ist.} (
6... Ndb4 7. a3 Bg7 8. axb4 Bxe5 9. b5 Nb8 10. e3 O-O 11. d4 Bg7 12. Be2 c6 13.
O-O a6 14. bxc6 Nxc6 15. Bd2 Be6 16. Bf3 Bd7 17. Qa3 Rb8 18. Rfd1 Re8 19. Rac1
Bf8 20. Qb3 Na7 21. Ne4 Be6 22. Qd3 Bd5 23. Be1 Nc6 {Ionov,S-Gubanov,A/St.
Petersburg-ch 1997/1/2-1/2 (44)}) (6... Nxc3 7. bxc3 Bd7 8. Nxd7 Qxd7 9. Rb1
$14 {Weiß besitzt durch das Läuferpaar und die halboffene b-Linie kleinen
Eröffnungsvorteil.}) 7. Nxc6 Nxa4 8. Nxd8 Nxc3 9. Nxf7 $16 {Auf diese Weise
gewinnt Weiß gewinnt einen Bauern. Schwarz hat dafür keine Kompensation.} Kxf7
10. dxc3 e5 (10... Bg7 11. e4 Be6 12. Bf4 c6 13. Kd2 a5 14. Kc2 a4 15. Be2 b5
16. a3 Bb3+ 17. Kc1 Rhd8 18. Bd1 c5 19. Bxb3+ axb3 20. Rd1 Rxd1+ 21. Kxd1 b4
22. Bd2 bxc3 23. Bxc3 Bxc3 24. bxc3 Ra4 25. f3 e5 26. Kc1 Ke6 27. c4 Rxc4+ 28.
Kb2 Rd4 29. Kxb3 Kd6 30. a4 Kc6 31. a5 Kb7 32. a6+ Ka7 33. Kc3 Rd8 34. Kc4 Rd2
35. Kxc5 {Bang,A-El Kher,H/Koge op 1997/1/2-1/2 (60)}) 11. e4 {Die weiße
Bauernmehrheit ist nicht so einfach zu verwerten, denn es gibt noch keinen
Freibauern und die Realisierung einer Königsflügelmehrheit ist immer schwierig.
} Be6 12. Bb5 {[%cal Rb5a4,Ra4b3,Rb3f7] Weiß möchte die weißfeldrigen Läufer
tauschen.} (12. Be3) 12... a5 13. a4 (13. Be3 a4 {[%csl Rb5]}) 13... c6 14. Bd3
Bc5 {[%csl Gc5]} 15. Bb1 {Weiß möchte um jeden Preis den e6-Läufer tauschen.} (
15. Ke2) 15... b5 16. Ba2 Bc4 (16... bxa4 17. Bxe6+ Kxe6 18. Rxa4 Rhb8 19. Kd1
$16 {[%cal Rd1c2]}) 17. Bxc4+ bxc4 {Schwarz ist aktiv am Damenflügel, ohne
jedoch etwas Konkretes zu haben.} 18. Bd2 Ke6 (18... Rab8 19. O-O-O Rb3 (19...
Bxf2 $4 20. Rhf1 $16) 20. Kc2 Rhb8 21. Bc1 $16) 19. f3 Rhd8 20. O-O-O Rd3 {
[%csl Gd3] Der Turm steht wirklich schön auf d3, aber Weiß kann ihn abtauschen.
} 21. Kc2 Rad8 22. Bg5 R8d7 (22... Rxd1 23. Rxd1 Rxd1 24. Kxd1 $16) 23. Rxd3
Rxd3 (23... cxd3+ 24. Kd2 {[%csl Rd3] Der Bauer d3 ist eine neue Schwäche im
schwarzen Lager.}) 24. Rd1 Rxd1 25. Kxd1 Bb6 {Weiß hat nicht nur einen klaren
Mehrbauern. Auch die schwarzfeldrig festgelegten Bauern a5 und e5 sind schwach.
} 26. Ke2 h5 27. g4 Kf7 28. Kd1 Ke8 29. Kc2 {Weiß bereitet b4 vor, was ihm
entweder einen a-Freibauern verschafft oder seinen König eindringen läßt.} Kd7
30. b4 Ke6 (30... cxb3+ 31. Kxb3 Ke6 32. Kc4 Kd7 33. Bc1 Ke6 34. Ba3 Kd7 35.
Bc5 Bc7 36. Be3 {Jetzt droht Kc5.} Kd6 (36... Bd6 37. Bb6 $18) 37. gxh5 gxh5
38. f4 $16) 31. Kd2 Kd7 32. Be3 Bd8 33. Bc5 h4 $6 {Eine neue Schwäche im
schwarzen Lager.} 34. bxa5 Bxa5 35. h3 {[%csl Rh4]} g5 {Weiß hat die viel
bessere Bauernstellung.} 36. Be3 Bd8 37. a5 Be7 (37... Bxa5 38. Bxg5 $18) 38.
a6 Kc7 39. a7 {[%csl Ga7] Der entfernte Freibauer bindet den schwarzen König.}
Kb7 40. Bb6 Bf6 (40... Kxb6 $2 41. a8=Q $18) 41. Kc2 Ka8 42. Kb2 {[%csl Rc4]
[%cal Rb2a3,Ra3b4]} Be7 43. Bc7 Kxa7 (43... Bf6 44. Bb8 Kb7 45. Ka3 Ka8 46. Kb4
$18) 44. Bxe5 Kb6 45. f4 gxf4 46. Bxf4 $18 {Der weiße g4-Freibauer sichert den
Partiegewinn und Krasenkows Qualifikation für die nächste Runde.} c5 47. g5 Kc6
48. g6 Bf6 49. Bh6 {Und Schwarz gab auf. Er muß den Läufer geben. Ribli.} 1-0

[Event "Olympiad-33"]
[Site "Elista"]
[Date "1998.10.09"]
[Round "10.1"]
[White "Krasenkow, Michal"]
[Black "Beliavsky, Alexander G"]
[Result "1-0"]
[WhiteElo "2655"]
[BlackElo "2645"]
[Annotator "Donev,I"]
[PlyCount "71"]
[EventDate "1998.09.29"]
[EventType "team-swiss"]
[EventRounds "13"]
[EventCountry "RUS"]
[SourceTitle "CBM 068"]
[Source "ChessBase"]
[SourceDate "1999.02.01"]
[SourceVersion "1"]
[SourceVersionDate "1999.02.01"]
[SourceQuality "1"]
[WhiteTeam "Poland"]
[BlackTeam "Slovenia"]
[WhiteTeamCountry "POL"]
[BlackTeamCountry "SLO"]

1. d4 Nf6 2. c4 e6 3. Nf3 d5 4. Nc3 Be7 5. Bg5 h6 6. Bh4 O-O 7. e3 b6 8. Rb1 c6
({Interessant ist auch folgende Idee die zur Lasker Variante führt, wobei die
Züge eher nützlicher für Schwarz sind.} 8... Ne4 9. Bxe7 Qxe7 10. cxd5 Nxc3 11.
bxc3 exd5 $11 {0-1 Krasenkow,M-Topalov,V/Elista 1998/CBM 66 ext (53)}) 9. Bd3
Ba6 ({In der Praxis hat sich gezeigt, daß Schwarz auch mit folgender
Fortsetzung ausgleichen kann:} 9... Bb7 10. cxd5 cxd5 11. O-O Nbd7 $11 {
1/2-1/2 Khenkin,I-Georgiev,K/Elenite 1993/CBM 38 (64)}) 10. b3 Nbd7 11. O-O Rc8
12. Qe2 Ne4 13. Bxe7 Nxc3 14. Qc2 Qxe7 15. Qxc3 Qa3 16. Ne1 c5 17. Nc2 cxd4 18.
exd4 Qd6 19. Rfd1 dxc4 20. bxc4 e5 21. Be2 exd4 22. Rxd4 Qf6 23. Ne3 Nc5 24.
Rbd1 Ne4 25. Qe1 Rfe8 $2 ({Vorsichtiger war:} 25... Bb7) ({oder} 25... Nc5) 26.
Bg4 $1 Rc5 (26... Ra8 27. Nd5 Qg6 28. Bd7 Ng5 29. Bxe8 (29. Qc3 $18) 29... Nf3+
30. Kh1 Nxe1 31. Ne7+ $18) 27. Bd7 $6 ({Nach} 27. Nd5 $142 Qxf2+ 28. Qxf2 Nxf2
29. Kxf2 Bxc4 {hätte Weiß vor einigen technischen Problemen gestanden. Der
Textzug stellt aber den Erfolg in Frage.}) 27... Re7 28. Ng4 Qg6 29. f3 h5 $6 (
29... f5 30. Nf2 (30. Bxf5 Qxf5 31. Rxe4 Rxe4 32. Qxe4 Qxe4 33. fxe4 Rxc4 $17)
30... Rxc4 (30... Nxf2 31. Qxe7 Nxd1 32. Be6+ Kh7 33. Rd8 $18) 31. fxe4 Rxd4
32. Rxd4 fxe4 $18) 30. fxe4 hxg4 31. Qh4 f6 32. Bf5 Rxf5 (32... Qh6 33. Qxg4
Bxc4 34. Bg6 $18) 33. Rd8+ Kf7 34. Qh8 Rf1+ 35. Rxf1 Qxe4 36. Qh5+ (36. Qh5+ {
Nach} Ke6 (36... Qg6 37. Qd5+ Re6 38. Rd7+ $18) 37. Rfd1 Qe3+ 38. Kh1 Qe5 39.
Qxg4+ Kf7 40. R8d7 {gewinnt Weiß leicht.}) 1-0

[Event "Olympiad-33"]
[Site "Elista"]
[Date "1998.10.11"]
[Round "12.1"]
[White "Krasenkow, Michal"]
[Black "Lautier, Joel"]
[Result "1-0"]
[WhiteElo "2655"]
[BlackElo "2625"]
[Annotator "Ribli,Z"]
[PlyCount "55"]
[EventDate "1998.09.29"]
[EventType "team-swiss"]
[EventRounds "13"]
[EventCountry "RUS"]
[SourceTitle "CBM 068"]
[Source "ChessBase"]
[SourceDate "1999.02.01"]
[SourceVersion "1"]
[SourceVersionDate "1999.02.01"]
[SourceQuality "1"]
[WhiteTeam "Poland"]
[BlackTeam "France"]
[WhiteTeamCountry "POL"]
[BlackTeamCountry "FRA"]

1. c4 c5 2. Nf3 Nc6 3. Nc3 Nd4 4. g3 $5 {[#]Meines Erachtens führt dieser Zug
zu Eröffnungsvorteil für Weiß. Auf den ersten Blick scheint er ein wenig
unnatürlich, aber in Wirklichkeit kann Weiß nach 4...Nxf3 5.exf3 mit Bg2 und
0-0 fortsetzen und nach d2-d4 übt er positionellen Druck im Zentrum aus. Ribli.
} g6 $5 $146 {Diese einfache Antwort ist bereits eine theoretische Neuerung.} (
4... Nxf3+ 5. exf3 Nf6 (5... h5 $2 6. d4 cxd4 7. Qxd4 d6 8. Bg5 $1 Nh6 9. c5 $1
{[#]} a6 10. O-O-O Qa5 11. cxd6 $1 {[#]} exd6 12. Qe4+ Be6 13. Rd5 Qc7 14. Qa4+
Bd7 15. Bb5 Bc6 16. Bxc6+ bxc6 17. Re1+ Kd7 18. Rd3 Rb8 19. Nd5 Qc8 20. Ne7 Qc7
21. Rc3 {1-0 Tukmakov,V-Hulak,K/Porec 1998/EXT 99 (21)}) (5... b6 6. d4 cxd4 7.
Qxd4 Bb7 8. Bg2 Nf6 9. O-O e6 10. Ne4 Nxe4 11. fxe4 f6 12. Qd1 Bc5 13. Qh5+ g6
14. Qh6 Bf8 15. Qd2 Bg7 16. Rd1 Bc6 17. b3 O-O 18. Bb2 Qc7 19. Re1 Qb7 20. b4
$14 {Gulko,B-Krasenkow,M/Polanica Zdroj 1996/Inf 67 (25) |^}) 6. d4 (6. Bg2 g6
7. O-O Bg7 8. d4 cxd4 9. Qxd4 O-O 10. f4 d6 11. Bd2 Bf5 (11... a6 12. Rac1 Rb8
13. a4 Be6 14. Qd3 Nd7 15. b4 a5 16. Nb5 axb4 17. Bxb4 Nc5 18. Qa3 Na6 19. Bd2
Qd7 {0-1 Van der Sterren,P-Timman,J/Rotterdam 1998/CBM 66 (42)}) 12. Qe3 Qd7
13. Rfe1 Rfe8 14. Qf3 Rab8 15. Rac1 a6 16. b3 e5 17. fxe5 dxe5 18. Bg5 Qe6 {
1/2-1/2 Nielsen,P-Schandorff,L/Roskilde 1998/EXT 99 (18)}) 6... e6 7. Bg2 d5 8.
cxd5 Nxd5 9. O-O Nxc3 10. bxc3 Bd6 11. f4 O-O 12. c4 Qb6 13. Be3 Rb8 14. dxc5
Bxc5 15. Rb1 {Time. 1-0 Ribli,Z-Wells,P/Graz 1998/CBM 63 ext (37)}) 5. Bg2 Bg7
6. e3 (6. O-O d6 7. Ne1 $5 {So vermeidet Weiß den Springertausch und plant 8.
e3 / 9.Nc2 / 10.d4 zu spielen.}) 6... Nxf3+ 7. Bxf3 d6 8. h4 $5 {Weiß nimmt
dem Schwarzen die Möglichkeit zu ...Bc8-h3.} (8. d4 cxd4 9. exd4 Bh3 10. Bxb7
Rb8 11. Bc6+ Kf8 $44) 8... h5 $5 (8... Nf6 $6 9. h5 $36) 9. b3 Nh6 {[%cal
Gh6f5,Gh6g4]} (9... Bxc3 $5 10. dxc3 Nf6 $13 {Weiß besitzt das Läuferpaar,
aber es ist die große Frage, wie er seinen Damenläufer aktivieren kann.}) 10.
Bb2 Bg4 11. Bxg4 Nxg4 (11... hxg4 12. Qe2 $14 {[%csl Rg4] Und Schwarz hat
stets Probleme mit dem Bauern auf g4.}) 12. Qe2 Qd7 13. O-O-O {Alle Bauern
sind noch auf dem Brett, aber die weiße Stellung ist etwas aktiver. Der
Springer auf c3 steht viel besser, als das Gegenüber auf g4.} Qf5 {[%cal Rf5f2]
} 14. f3 (14. Rhf1 $2 Nh2 $11 {[%csl Yf3][%cal Rh2f1,Gh2f3]}) 14... Ne5 15. Ne4
$14 O-O $2 {Schwarz möchte das Spiel komplizieren. Es wäre besser, die lange
Rochade zu wählen.} (15... O-O-O $5 16. d3 Rhg8 $14) 16. Rhf1 {[%csl Rg8] Der
weiße König steht viel sicherer als der schwarze und auch der weiße
Bauernsturm scheint viel gefährlicher mit späterem g3-g4.} a6 (16... b5 17. d4
$5 (17. cxb5 $6 a6 $36) 17... cxd4 18. exd4 Nc6 19. g4 $40) 17. d4 cxd4 18.
exd4 Nc6 19. g4 $40 {Der weiße Angriff kommt schnell, während das Schwarze
Gegenspiel verspätet ist.} Qa5 20. d5 Ne5 (20... Bxb2+ 21. Kxb2 Ne5 (21... Nb4
$2 22. a3 $18) 22. gxh5 $40) 21. Kb1 $1 $16 {Ein sehr starker prophylaktischer
Zug. Weiß vermeidet taktische Motive, während der schwarze König am
Königsflügel angreifbar ist} hxg4 {Dieser Zug ist erzwungen, sonst kann Weiß
gxh5 spielen.} 22. fxg4 b5 23. c5 $1 {[#] Ein schönes, aber typisches
Bauernopfer. Weiß läßt keine Linienöffnungen am Damenflügel zu.} (23. h5 bxc4
$132 {[%csl Rb1]}) 23... dxc5 24. h5 $1 {[%cal Rh5h6] [#]} Qc7 (24... Nd7 25.
hxg6 fxg6 26. Bxg7 Kxg7 27. Ng5 $18 {[%csl Ge2,Gg5,Rg7][%cal Rg5e6,Re6g7,Re6f8,
Re2e7]}) (24... c4 $2 25. h6 cxb3 (25... Bh8 26. h7+ $18) 26. axb3 $18) 25. Qh2
$18 {[%csl Re5,Rg8,Gh2][%cal Gh2c7] Der schwarze König ist im Mattangriff
gefangen. Der Mehrbauer ist bedeutungslos.} Rfc8 26. hxg6 Nxg6 (26... fxg6 27.
Ng5 $18) 27. d6 $1 {Dieses zweite Bauernopfer entscheidet die Partie.} exd6 28.
Ng5 {[%csl Gf1,Gg5,Rg8,Gh2][%cal Rh2h7] Und Schwarz muß aufgeben.} (28. Ng5 Nf8
29. Rxf7 $18) 1-0